LEADER 00732nam a2200205 i 4500 001 000000249843 003 CaOOAMICUS 005 20160628000000.0 008 160628s1881 it u000 u ita u 013 $a228748 040 $aSeMil$bita 245 10$aVolumen 2. 300 $a893 p. :$bill. 500 $aLascito Card. C.M. Martini. 773 0 $aQuaresmio, Francesco <1582-ca. 1656>$tHistorica theologica et moralis Terrae Sanctae elucidatio.$dVenetiis : Typis Antonellianis, 1880-1881.$g2$w()5870 850 $aSeMil 852 $aSeMil$W1$xVenegono$y1$m5R XIII 19 FA$j200189$B200189$CSeMilBibl$Z2$F211742 $8I 941 1 $a4 961 $aLascito: Martini Card. Carlo Maria 996 $6245$aVolumen 2$9(OLS)http://semarc/title/96578 LEADER 00876nam a2200193 i 4500 001 000000243209 003 CaOOAMICUS 005 20150625000000.0 008 150625s1906 it u000 u ita u 013 $a222114 040 $aSeMil$bita 245 10$aVol. 10. 300 $a738 p. 490 0 $aCollezione Pietro Marietti ;$v288 773 0 $aFerreiroa, Urbano $tStoria apologetica dei papi da S. Pietro al pontefice regnante.$bPrima traduzione italiana eseguita sulla 1. edizione spagnuola con approvazione dell'autore per cura del sac. Benedetto Neri.$dTorino : Tipografia pontificia Pietro Marietti, 1898-1906.$g10$w()32105 830 0$aCollezione Pietro Marietti ;$v288.$0(OLS)http://semarc/title/6569 850 $aSeMil 852 $aSeMil$W1$xVenegono$y1$m3E V 31 FA$j193555$B193555$CSeMilBibl$Z2$F204308 $8I 996 $6245$aVol. 10$9(OLS)http://semarc/title/111150